000 00519nam a22001937a 4500
003 MPLRDC
005 20220104192321.0
008 210129b ||||| |||| 00| 0 eng d
020 _a978-986-301-151-4
082 _a857.75 JBD-19
100 _a九把刀
245 _a杀手,夙兴夜寐的犯罪
_c
250 _a初版
260 _a台湾
_b大众国际书局股份有限公司
_c2012
300 _b
490 _a九把刀作品集
650 _a中国文学--长篇小说
942 _cBK
_o857.75 JBD-19
999 _c64662
_d64652